| 000 | 00624nam a2200133Ia 4500 | ||
|---|---|---|---|
| 008 | 170221s9999 xx 000 0 und d | ||
| 100 | _aTatiana Konstantinovna Belyaeva | ||
| 245 | 4 | _aThe Model of Pedagogical Work Differentiation in the Framework of the Teacher Training Modernization | |
| 245 | _cTatiana Konstantinovna Belyaeva, Natalya Vladimirovna Belinova, Irina Rafailovna Novik, Tatiana Leonidovna Shabanova, Mikhail Yurievich Shlyakhov | ||
| 260 | _bInternational Review of Management and Marketing | ||
| 260 | _c2012 | ||
| 650 | _xMarketing. | ||
| 856 | _uhttp://www.econjournals.com/index.php/irmm/issue/view/75 | ||
| 999 |
_c310475 _d310475 |
||